IFM Opac

Fitting equations to data (Record no. 16879)

MARC details
000 -LEADER
fixed length control field 00357nam a22001457a 4500
020 ## - INTERNATIONAL STANDARD BOOK NUMBER
International Standard Book Number 0471194603
082 ## - DEWEY DECIMAL CLASSIFICATION NUMBER
Classification number 519.5 DAM
100 ## - MAIN ENTRY--PERSONAL NAME
Personal name Daniel, C
245 ## - TITLE STATEMENT
Title Fitting equations to data
260 ## - PUBLICATION, DISTRIBUTION, ETC.
Place of publication, distribution, etc. New york
Name of publisher, distributor, etc. Wiley-interscience
Date of publication, distribution, etc. 1971
300 ## - PHYSICAL DESCRIPTION
Extent xv,342p.
Other physical details ill,23cm.
500 ## - GENERAL NOTE
General note includes indexes
650 ## - SUBJECT ADDED ENTRY--TOPICAL TERM
Topical term or geographic name entry element Fitting equations to data
942 ## - ADDED ENTRY ELEMENTS (KOHA)
Koha item type Books
Holdings
Withdrawn status Lost status Source of classification or shelving scheme Damaged status Not for loan Home library Current library Shelving location Date acquired Full call number Barcode Date last seen Price effective from Koha item type
Withdrawn   Dewey Decimal Classification     IFM Main Campus Library IFM Main Campus Library   10/07/2016 519.5 DAM 0000011536 10/07/2016 10/07/2016 Books